Duolingo Characters - Statistics

General Stats
  • This quiz has been taken 27 times
    6 since last reset
  • The average score is 10 of 11
Answer Stats
Answer % Correct
Duo
100%
Eddy
100%
Junior
100%
Lily
100%
Oscar
100%
Vikram
100%
Falstaff
75%
Lin
75%
Lucy
75%
Zari
75%
Bea
50%
No matching quizzes found
Score Distribution
Percent of People with Each Score
Percentile by Number Answered
Your Score History
You have not taken this quiz since the last reset